00273nam a2200121Ia 4500008004100000100001800041245002400059260002600083300000800109650001000117942000700127999001700134190216s9999||||xx |||||||||||||| ||und|| aLarry Colling 0aAncham Kuthirakaran bPoorna Pubs Kozhikode a47p aNovel cBK c26571d26571